Jeux vidéos se déroulant en France par image - Click Quiz - Statistiques

Statistiques générales
  • Ce quiz a été pris 5 068 fois
  • Le résultat moyen est 10 sur 15
Statistiques - réponses
Hint Réponse % Correct
Mario Kart 8 Deluxe
99%
Assassin's Creed Unity
97%
Gran Turismo 5
91%
Age of Empire II
88%
Hitman: Blood Money
81%
Steep
77%
Soldats Inconnus
64%
Battlefield V
59%
Call of Duty 2
52%
A Plague Tale: Innocence
51%
Jeanne d'Arc
50%
Wolfenstein: Youngblood
45%
Sniper Elite 5
44%
Dordogne
41%
Remember Me
21%
Aucun quiz correspondant
Distribution des résultats
% des personnes avec chaque résultat
Percentile par nombre de réponses
Votre historique - résultats
Vous n’avez pas pris ce quiz